| 000 | 00346nam a2200133Ia 4500 | ||
|---|---|---|---|
| 008 | 240624s9999 xx 000 0 und d | ||
| 041 | _aeng | ||
| 082 | _a658.4092 KAG | ||
| 100 | _aKAAGAN STEPHEN S | ||
| 245 | _aLEADERSHIP GAMES EXPERIENTIAL LEARNING F | ||
| 260 |
_c1999 _aNew Delhi _bSage Publications |
||
| 300 | _a186 : p. | ||
| 365 |
_cRS _b30 |
||
| 999 |
_c13453 _d13453 |
||